|
|
|
|
| LEADER |
00000nam a2200000Ii 4500 |
| 001 |
DIGTRINITA0003 |
| 003 |
NyNyDIG |
| 006 |
m o d |
| 007 |
cr ||||||||||| |
| 008 |
130901s2005 dr a ob 001 0 spa d |
| 020 |
|
|
|z 9789993439349
|
| 020 |
|
|
|z 9993439347
|
| 035 |
|
|
|a (OCoLC)949629121
|
| 040 |
|
|
|a DGITA
|b eng
|e pn
|c DGITA
|
| 043 |
|
|
|a nwdr---
|
| 050 |
1 |
4 |
|a F1938.5 eBook
|
| 100 |
1 |
|
|a Ayuso, Juan José,
|d 1940-
|
| 245 |
1 |
0 |
|a "Todo por Trujillo" :
|b fuerzas armadas y militares : un proceso político desde 1930 /
|c Juan José Ayuso.
|
| 250 |
|
|
|a 2a. ed. corregida.
|
| 264 |
|
1 |
|a Santo Domingo, República Dominicana :
|b Ediciones Librería la Trinitaria,
|c 2005.
|
| 300 |
|
|
|a 1 online resource (187 pages) :
|b ill.
|
| 336 |
|
|
|a text
|b txt
|2 rdacontent
|
| 337 |
|
|
|a computer
|b c
|2 rdamedia
|
| 338 |
|
|
|a online resource
|b cr
|2 rdacarrier
|
| 500 |
|
|
|a First published 1999.
|
| 504 |
|
|
|a Includes bibliographical references and index.
|
| 651 |
|
0 |
|a Dominican Republic
|x Politics and government
|y 1930-1961.
|
| 651 |
|
0 |
|a Dominican Republic
|x Politics and government
|y 1961-
|
| 650 |
|
0 |
|a Civil-military relations
|z Dominican Republic
|x History
|y 20th century.
|
| 651 |
|
0 |
|a Dominican Republic
|x Armed Forces
|x Political activity
|x History
|y 20th century.
|
| 650 |
|
0 |
|a Military government
|z Dominican Republic
|x History
|y 20th century.
|
| 600 |
1 |
0 |
|a Trujillo Molina, Rafael Leónidas,
|d 1891-1961.
|
| 655 |
|
0 |
|a Electronic books.
|
| 791 |
2 |
|
|a Digitalia (Firm),
|e distributor.
|
| 793 |
0 |
|
|g Digitalia eBook Collection:
|a Librería la Trinitaria.
|
| 856 |
4 |
0 |
|3 Digitalia Hispánica
|u https://www.digitaliapublishing.com/a/8981/
|
| 910 |
|
|
|a Premium Collection: 2007-2012
|